<?xml version="1.0" encoding="UTF-8"?>
<marc:record xmlns:marc="http://www.loc.gov/MARC21/slim">
   <marc:leader>00000nam a2200000 a 4500</marc:leader>
   <marc:datafield ind1="1" ind2=" " tag="100">
      <marc:subfield code="a">Holderman, Bill</marc:subfield>
   </marc:datafield>
   <marc:datafield ind1="1" ind2=" " tag="100">
      <marc:subfield code="a">Fonda, Jane</marc:subfield>
   </marc:datafield>
   <marc:datafield ind1="1" ind2=" " tag="100">
      <marc:subfield code="a">Keaton, Diane</marc:subfield>
   </marc:datafield>
   <marc:datafield ind1=" " ind2=" " tag="653">
      <marc:subfield code="a">Mann</marc:subfield>
   </marc:datafield>
   <marc:datafield ind1=" " ind2=" " tag="653">
      <marc:subfield code="a">Freundin</marc:subfield>
   </marc:datafield>
   <marc:datafield ind1=" " ind2=" " tag="653">
      <marc:subfield code="a">Liebesleben</marc:subfield>
   </marc:datafield>
   <marc:datafield ind1=" " ind2=" " tag="653">
      <marc:subfield code="a">Shades of Grey</marc:subfield>
   </marc:datafield>
   <marc:datafield ind1="0" ind2="0" tag="245">
      <marc:subfield code="a">Book Club - Das Beste kommt noch</marc:subfield>
   </marc:datafield>
   <marc:datafield ind1="0" ind2="0" tag="245">
      <marc:subfield code="c">Darst.: Diane Keaton; Jane Fonda ... Regie: Bill Holderman</marc:subfield>
   </marc:datafield>
   <marc:datafield ind1=" " ind2="1" tag="264">
      <marc:subfield code="a">münchen</marc:subfield>
      <marc:subfield code="b">EuroVideo</marc:subfield>
      <marc:subfield code="c">2018</marc:subfield>
   </marc:datafield>
   <marc:datafield ind1="1" ind2=" " tag="520">
      <marc:subfield code="a">Vivian (Jane Fonda), Diane (Diane Keaton), Carol (Mary Steenburgen) und Sharon (Candice Bergen) kennen sich schon ihr halbes Leben und sind gemeinsam durch dick und dünn gegangen. Nun sind sie allesamt über 60 und nach wie vor beste Freundinnen. In ihrem regelmäßig stattfindenden Buchclub treffen sich die Vier, um bei jeder Menge Wein über alle möglichen Themen zu reden, nur um Männer geht es dabei zumeist nicht mehr. Das ändert sich jedoch schlagartig, als Vivian ihren Freundinnen das neue Buch vorstellt, dass sie gerade liest: Den Sado-Maso-Bestseller Fifty Shades of Grey von E.L. James. Die erotische Lektüre stellt das (Liebes-)Leben der vier Damen auf den Kopf und sie finden sich auf einmal in einer Reihe von aufregenden romantischen Abenteuern wieder</marc:subfield>
   </marc:datafield>
   <marc:datafield ind1=" " ind2=" " tag="020">
      <marc:subfield code="a">4009750298169</marc:subfield>
      <marc:subfield code="9">4009750298169</marc:subfield>
   </marc:datafield>
   <marc:datafield ind1="0" ind2=" " tag="490">
      <marc:subfield code="v">0</marc:subfield>
   </marc:datafield>
   <marc:datafield ind1=" " ind2=" " tag="300">
      <marc:subfield code="a">CD</marc:subfield>
   </marc:datafield>
</marc:record>
